Bod Árpád képei Sándorfalván
Elmentve itt :
| Szerző: | |
|---|---|
| Dokumentumtípus: | Cikk |
| Megjelent: |
1976-10-09
|
| Sorozat: | Délmagyarország
66 No. 239 |
| Kulcsszavak: | Bod Árpád, Sándorfalva, Festészet amatőr kiállítás Sándorfalva |
| Online Access: | http://dmarchiv.bibl.u-szeged.hu/84712 |
| LEADER | 00504nab a2200157 i 4500 | ||
|---|---|---|---|
| 001 | delm84712 | ||
| 005 | 20190503092200.0 | ||
| 008 | 190503s1976 hu o 0|| hun d | ||
| 040 | |a SZTE Délmagyarország Archívum |b hun | ||
| 041 | |a hun | ||
| 100 | 1 | |a Tandi Lajos | |
| 245 | 1 | 0 | |a Bod Árpád képei Sándorfalván |h [elektronikus dokumentum] / |c Tandi Lajos |
| 260 | |c 1976-10-09 | ||
| 300 | |a 5 | ||
| 490 | 0 | |a Délmagyarország |v 66 No. 239 | |
| 695 | |a Bod Árpád, Sándorfalva, Festészet amatőr kiállítás Sándorfalva | ||